000 01158nam a2200325Ia 4500
001 Z_6229
003 CHAP
005 20231107172116.0
008 220113s2011 xx 000 0 und d
010 _a169472
040 _cCHAP
090 _aTesis P47 2199
100 _aPérez Gómez, José Alfredo
_989706
245 _aUrea protegida en la engorda de corderos /
_cJosé Alfredo Pérez Gómez
260 _aChapingo, México :
_bEl autor,
_c2011
300 _a40 h.
502 _aTesis (Ingeniero Agrónomo Especialista en Zootecnia) -- UACh, 2011 \ Dirección: Carlos Sánchez del Real; asesoría: Melitón Córdova Alvarez y Pedro Arturo Martínez Hernández
650 _aNitrógeno no proteínico
_9144225
650 _aOvinos
_xProducción
_9143502
650 _aUrea
_9144226
700 _a Córdova Alvarez, Melitón, asesor
_9142495
700 _a Martínez Hernández, Pedro Arturo, asesor
_9137925
700 _aSánchez del Real, Carlos, director
_9139076
856 4 2 _uhttp://10.13.5.2/tesis/113705.pdf
_yDescargar PDF
901 _aTESIS P47 2199
902 _aM
910 _a2011
942 _c2
_2ddc
942 _c2
_2ddc
999 _c169472
_d169472